Geography Quiz

Random Geography or City Quiz

City Skylines II Quiz Stats

 Plays Quiz Updated Jun 20, 2018

Score 0/16 Timer 04:00
1 Play Today
% Correct
New York City
91.5%
Chicago
80%
Tokyo
49.7%
Cairo
28.3%
Prague
27.5%
Dallas
25.9%
Melbourne
15%
Jakarta
8.5%
% Correct
Buenos Aires
8.5%
Manchester
8.4%
Auckland
7.6%
Calgary
7.5%
Johannesburg
6.3%
Havana
4.3%
Panama City
3.9%
Guangzhou
3.3%

You're not logged in!

Compare scores with friends on all Sporcle quizzes.
OR
Log In

Sporcle TV

Today on Sporcle TV


Watch our educational content, quiz creation guides, and fun videos on Sporcle TV.

Show Comments

Extras

Top Quizzes Today


Score Distribution

Your Account Isn't Verified!

In order to create a playlist on Sporcle, you need to verify the email address you used during registration. Go to your Sporcle Settings to finish the process.

Report this User

Report this user for behavior that violates our Community Guidelines.

Details: